| 000 | 00763nam a22002537a 4500 | ||
|---|---|---|---|
| 005 | 20140820111753.0 | ||
| 010 | _aENG-108633 | ||
| 020 |
_a9788120348356 _c395.00 |
||
| 035 | _aEN-92166 | ||
| 035 | _aB-536832-836 | ||
| 037 | _bDBAD/PUB | ||
| 037 |
_bUBH/Ven _adpl |
||
| 082 | _a333.95 | ||
| 100 | _aSulphey, M. M. | ||
| 245 |
_aIntroduction to environment management / _cby M.M. Sulphey |
||
| 250 | _a2nd ed | ||
| 260 |
_aDelhi _c2013 _bPHI Learning |
||
| 270 |
_aRimjhim House, 111, Patparganj _bNew Delhi _e110092 |
||
| 300 |
_axxiv,396p. _c24cm(pbk) |
||
| 500 | _aIncludes index | ||
| 600 | _d | ||
| 942 |
_2ddc _cEN _mSUL _h333.95 |
||
| 999 |
_c80480 _d80480 |
||